000 00321nam a22001457a 4500
003 SGT
020 _a9789350351499
082 _a346.540135,KHA
100 _aKHAN,NUZHAT PARVEEN
245 _aCHILD RIGHTS AND THE LAW
260 _aNEW DELHI
_bUNIVERSAL
300 _a546
650 _aPRIVATE LAW
942 _2ddc
_cBK
_02
999 _c10148
_d10148